Normal view
MARC view
- BRAUDEL,FERNAND
Entry Personal Name
001 - CONTROL NUMBER
- control field: 134043
003 - CONTROL NUMBER IDENTIFIER
- control field: NUST
005 - DATE AND TIME OF LATEST TRANSACTION
- control field: 20260413100254.0
008 - FIXED-LENGTH DATA ELEMENTS
- fixed length control field: 260413|| aca||aabn | a|a d
040 ## - CATALOGING SOURCE
- Original cataloging agency: NUST
- Transcribing agency: NUST
100 ## - HEADING--PERSONAL NAME
- Personal name: BRAUDEL,FERNAND
670 ## - SOURCE DATA FOUND
- Source citation: Work cat.: (NUST): BRAUDEL,FERNAND., CIVILIZATION AND CAPITALISM 15th-18th CENTURY ,VOL 1.THE STRUCTURES OF EVERYDAY LIFE /, 1979.
